000 00759nam a2200265#a 4500
001 00849
003 HDC
007 ta
008 230623s2005 xx 000 0 eng d
040 _aHDC
050 _aTP 370
_b.R44 2005
245 0 _aRegulation of functional foods and nutraceuticals :
_ba global perspective /
_cedited by Clare M. Hasler.
250 _a1st ed.
264 _a[Chicago, Ill.] :
_bIFT Press
_c2005
264 _aAmes, Iowa :
_bBlackwell Pub.,
300 _axiv,411p. :
_b ill. ;
_c 27cm.
440 _aIFT Press series
500 _aIncludes bibliographical references and index.
650 _aFood industry and trade.
700 _aHasler, Clare M.
942 _2lcc
942 _cBK
942 _kTP 370
942 _m.R44 2005
999 _c24212
_d24212